Autonomy and solidarity : interviews with Jurgen Habermas = Autonomía y solidaridad: entrevistas con Jurgen Habermas /
Guardado en:
| Autor principal: | |
|---|---|
| Formato: | Desconocido |
| Lenguaje: | English |
| Publicado: |
Londres, New York :
Verso,
1992.
|
| Materias: | |
| Etiquetas: |
Agregar Etiqueta
Sin Etiquetas, Sea el primero en etiquetar este registro!
|
MARC
| LEADER | 000000000a22000000004500 | ||
|---|---|---|---|
| 001 | 013371 | ||
| 020 | |a 0860915794 | ||
| 041 | 0 | |a eng | |
| 082 | 0 | 4 | |a 193 |b H114a |
| 100 | 1 | |a Habermas, Jurgen, |d 1929- | |
| 245 | 1 | 0 | |a Autonomy and solidarity : |b interviews with Jurgen Habermas = Autonomía y solidaridad: entrevistas con Jurgen Habermas / |c Jurgen Habermas. |
| 246 | 3 | 1 | |a Autonomía y solidaridad: entrevistas con Jurgen Habermas |
| 260 | 1 | |a Londres, New York : |b Verso, |c 1992. | |
| 300 | |a 277 páginas | ||
| 650 | 4 | |a HABERMAS, JURGEN, 1929- | |
| 650 | 4 | |a FILOSOFIA | |
| 500 | |a Colección George Yúdice | ||
| 999 | |c 19297 |d 19297 | ||
| 942 | |c BK |h 193 H114a |2 z | ||



